000 00685nam a2200265Ia 4500
005 20260121170833.0
008 008 260114s9999 xx 000 0 eng d
020 _a9781493933112
037 _aEBOOK
040 _aCRL
040 _beng
040 _cCRL
041 _2eng
041 _aeng
084 _qCRL
100 _aAmauri Rosenthal, Rosires Deliza, Jorge Welti-Chanes, Gustavo V. Barbosa-Cánovas
_91068772
245 0 _aFruit Preservation
260 _bSpringer
260 _bSpringer
260 _c2018
856 _uhttps://link.springer.com/openurl?genre=book&isbn=978-1-4939-3311-2
942 _cEBOOK
999 _c1634502
_d1634502